000 00263nam a22001217a 4500
003 SGT
082 _a618.2
_bC15P
100 _aPURI, MANJU
245 _aCLINICAL METHODS IN OBST. AND GYNE.
260 _aINDIA
_bJAYPEE
_c2015
300 _a500
942 _2ddc
_cBK
_010
999 _c14152
_d14152